| 000 | 01348nam0a22002531 4500 | ||
|---|---|---|---|
| 001 | rc\842643 | ||
| 005 | 20260406155404.0 | ||
| 035 | _a(NLR Aleph) 006023898 | ||
| 090 |
_a7456919 _c7456919 |
||
| 100 | _a20041129d1983 |||y0rusy50 ca | ||
| 101 | 0 | _arus | |
| 102 | _aRU | ||
| 105 | _aa ||||||||| | ||
| 200 | 1 |
_aМетодические рекомендации по совершенствованию системы складирования, хранения и нормирования материальных ценностей _fМ-во высш. и сред. спец. образования УССР, Ворошиловгр. машиностроит. ин-т, М-во нефтехим. и нефтеперераб. пром-сти СССР, Лисичан. нефтеперераб. з-д _g[Участовали: доц., к. т. н. Запсельский В.Я. и др.] |
|
| 210 |
_aВорошиловград _cБ. и. _d1983 |
||
| 215 |
_a44 с. _cсхем. _d20 |
||
| 320 | _aБиблиогр.: с. 43 | ||
| 702 | 1 |
_aЗапсельский _bВ.Я. _gВалерий Яниславович _4570 |
|
| 712 | 0 | 2 |
_aВорошиловградский машиностроительный ин-т _3RU\NLR\AUTH\889930710 _9356929 |
| 801 | 0 |
_aRU _bNLR _gpsbo |
|
| 801 | 1 |
_aRU _bELAR _2rusmarc |
|
| 852 |
_aNLR _j84-4/71 |
||
| 942 | _cBOOK | ||
| 980 | _aNB | ||